000
00301nam a22001337a 4500
008
180911b xxu||||| |||| 00| 0 eng d
020
_a
9781583211267
041
_a
eng
080
_a
610
100
_a
3
101
_a
SHM
245
_a
Plain Talk about drinking Water
_c
Symons, J.M
942
_2
udc
_c
BK
999
_c
47670
_d
47670